Statistics for Sherlock Holmes Countries Visited Map

Click here to take the quiz!

General Stats

  • This quiz has been taken 341 times
  • The average score is 4 of 8

Answers on the Map

Answers color-coded by a green-red scale on the quiz's map according to % correct below.
 

Answer Stats

Country% Correct
United Kingdom
93%
France
90%
Italy
71%
China
62%
Switzerland
53%
Iran
28%
Saudi Arabia
23%
Sudan
11%

Score Distribution

Percentile by Number Answered

Percent of People with Each Score

Your Score History

You have not taken this quiz